01091 2200397 4500001002100000005001700021008004100038020002200079035002500101040001200126082001800138084001800156090001800174100002300192245009300215250001000308260003100318300002900349504003100378650001500409700002100424850001200445990002000457990001800477990001800495990001800513990001800531990001800549990001800567990001800585990001800603990001800621990001800639990001800657990001800675INLIS00000000000340020150407115553.0  a978-602-241-735-4 a0010-041500000000466 aYOPDYOG aK 372.5 Pri P aK 372.5 Pri P aK 372.5 Pri P aPRIMADI TABRANI, H aProses kreasi gambar anak proses belajar /cH. Primadi Tabrani ; editor hemeda Simarmala aCet.1 aJakarta :bErlangga,c2014 a182 hlm.:bilus.;c25 cm aBibliografi : hlm. 179-180 aMenggambar aHemeda Simarmala aYOPDYOG a10893 - PD/B.15 a10893-PD/B.15 a10894-PD/B.15 a10895-PD/B.15 a10892-PD/B.15 a10894-PD/B.15 a10895-PD/B.15 a10894-PD/B.15 a10892-PD/B.15 a10895-PD/B.15 a10892-PD/B.15 a10894-PD/B.15 a10895-PD/B.15